Aatma Nirbhar Bharat (Self-Reliant India): Challenges and Opportunities/ (Record no. 177896)

MARC details
000 -LEADER
fixed length control field 00734nam a22001937a 4500
005 - DATE AND TIME OF LATEST TRANSACTION
control field 20210309172528.0
010 ## - LCCN (DPL NO)
LC control number ENG-129184
020 ## - INTERNATIONAL STANDARD BOOK NUMBER
Terms of availability 895.00
International Standard Book Number 978-93-90095-13-1
035 ## - SYSTEM CONTROL NUMBER
System control number EN-112716
037 ## - SOURCE OF ACQUISITION
Source of stock number/acquisition DBAD/PUB
082 ## - DEWEY DECIMAL CLASSIFICATION NUMBER
Classification number 338.954
100 ## - MAIN ENTRY--PERSONAL NAME
Personal name Bhutani, Rajeev
245 ## - TITLE STATEMENT
Title Aatma Nirbhar Bharat (Self-Reliant India): Challenges and Opportunities/
Statement of responsibility, etc Rajeev Bhutani
260 ## - PUBLICATION, DISTRIBUTION, ETC. (IMPRINT)
Place of publication, distribution, etc New Delhi
Name of publisher, distributor, etc Pentagon Press LLP
Date of publication, distribution, etc 2020
270 ## - ADDRESS
City New Delhi
Postal code 110049
Address 206, Peacock Lane, Shahpur Jat
Telephone number 011-64706243, 26491568
Electronic mail address rajan@pentagonpress.in
300 ## - PHYSICAL DESCRIPTION
Extent xvi+198p.
Dimensions 24cm(hbk)
Other physical details Including illustrations, bibliographical references and index.
500 ## - GENERAL NOTE
General note Forward by Vinod Bhatia
942 ## - ADDED ENTRY ELEMENTS (KOHA)
Source of classification or shelving scheme Dewey Decimal Classification
Item type English Books
Classification part 338.954
Call number suffix BHU
Holdings
Withdrawn status Lost status Not for loan Collection code Home library Current library Date acquired Source of acquisition Cost, normal purchase price Full call number Barcode Copy number Cost, replacement price Koha item type
      Non-fiction Ashok Vihar Ashok Vihar 09/03/2021 DBAD/PUB 895.00 338.954 BHU EN-112716 1 895.00 English Books

© Delhi Public Library
Hit Counter
free hit counter